[Event "Makarska"]
[Site "Makarska"]
[Date "1993.??.??"]
[Round "?"]
[White "Matkovic, Tonci"]
[Black "Videki, Sandor"]
[Result "1/2-1/2"]
[WhiteElo "2285"]
[BlackElo "2415"]

1.e4 c5 2.Nf3 d6 3.d4 cxd4 4.Nxd4 Nf6 5.Nc3 Nc6 6.Bg5 Bd7 7.Qd2 Rc8 8.Nxc6 Bxc6
9.Bxf6 gxf6 10.O-O-O Qa5 11.f4 f5 12.exf5 Bg7 13.Kb1 Bxc3 14.Qxc3 Qxc3 15.bxc3 f6
16.Rd4 Rg8 17.Rg1 Bd7 18.Kb2 Bxf5 19.Bd3 Rc5 20.g3 Kd7 21.Re1 h5 22.a4 h4
23.Re3 hxg3 24.hxg3 Bxd3 25.cxd3 f5 26.Rb4 Rc7 27.Kb3 e6 28.Rc4 Rxc4 29.Kxc4 Rc8+
30.Kb3 Rh8 31.Re2 Rh1 32.Rg2 Rf1 33.Kc4 Rf3 34.a5 Kc6 35.Kd4 Rf1 36.Re2 Ra1
37.Rxe6 Rxa5 38.Rg6 Rc5 39.g4 fxg4 40.Rxg4 Rf5 41.Ke4 Rf8 42.f5 a5 43.Rg1 b5
44.Rf1 Kc5 45.f6 d5+ 46.Ke5 Re8+ 47.Kf5 d4 48.f7 Rf8 49.cxd4+ Kxd4 50.Ke6 a4
51.Rb1 Kxd3 52.Rxb5 Kc3 53.Ke7 Rxf7+ 54.Kxf7 a3  1/2-1/2

[Event "Pirc mem"]
[Site "Maribor"]
[Date "1993.??.??"]
[Round "?"]
[White "Tolnai, Tibor"]
[Black "Grosar, Aljosa"]
[Result "1-0"]
[WhiteElo "2500"]
[BlackElo "2480"]

1.e4 c5 2.Nf3 d6 3.d4 cxd4 4.Nxd4 Nf6 5.Nc3 Nc6 6.Bg5 e6 7.Qd2 a6 8.O-O-O Bd7
9.f3 Be7 10.h4 b5 11.Nxc6 Bxc6 12.Kb1 Rc8 13.Ne2 O-O 14.Nd4 Bb7 15.g4 Qc7
16.Bh3 Rcd8 17.h5 Rfe8 18.Be3 e5 19.Nf5 d5 20.g5 dxe4 21.Nxe7+ Qxe7 22.gxf6 Qxf6
23.Bd7 h6 24.Qa5 Qxf3 25.Rdf1 Rxd7 26.Rxf3 exf3 27.Rg1 f5 28.Qe1 f4 29.Bxf4 f2
30.Qxf2 Rf7 31.Qe3 Rxf4 32.Qb6 Ref8 33.b3 R8f7 34.Rg6 Be4 35.Rd6 Rf2 36.Rd8+ Kh7
37.Rc8 Rd2 38.Qb8 g5 39.Qxe5  1-0

[Event "Pirc mem"]
[Site "Maribor"]
[Date "1993.??.??"]
[Round "?"]
[White "Mohr, Georg"]
[Black "Gostisa, Leon"]
[Result "1-0"]
[WhiteElo "2435"]
[BlackElo "2460"]

1.e4 c5 2.Nf3 d6 3.d4 cxd4 4.Nxd4 Nf6 5.Nc3 Nc6 6.Bg5 e6 7.Qd2 a6 8.O-O-O h6
9.Be3 Nxd4 10.Bxd4 b5 11.Bd3 Be7 12.f4 Bb7 13.Kb1 O-O 14.e5 dxe5 15.fxe5 Nd5
16.Ne4 Nb4 17.Nf6+ Kh8 18.Qf2 Qc7 19.a3 Nd5 20.Nh7 Rfc8 21.Qxf7 Bc5 22.Qxe6 Re8
23.Qf5 Ne7 24.Qg4 Bxd4 25.Ng5 Bd5 26.Qxd4 hxg5 27.Qg4 Qc6 28.h4 Kg8 29.hxg5 Bf7
30.Rdf1 Ng6 31.Be4 Qc4 32.b3 Qd4 33.Bxg6  1-0

[Event "Pirc mem"]
[Site "Maribor"]
[Date "1993.??.??"]
[Round "?"]
[White "Tolnai, Tibor"]
[Black "Riegler, Primoz"]
[Result "1-0"]
[WhiteElo "2500"]
[BlackElo "2235"]

1.e4 c5 2.Nf3 d6 3.d4 cxd4 4.Nxd4 Nf6 5.Nc3 Nc6 6.Bg5 e6 7.Qd3 a6 8.O-O-O Bd7
9.Be2 Qc7 10.f4 Be7 11.Bf3 O-O-O 12.Rhe1 h6 13.Bh4 g5 14.fxg5 Nh7 15.Nxc6 Bxc6
16.Kb1 hxg5 17.Bg3 Nf8 18.Nd5 exd5 19.exd5 Bb5 20.c4 Bxc4 21.Qd4 Ng6 22.Rc1 b5
23.b3 Qc5 24.Qb2 Ne5 25.bxc4 bxc4 26.Bxe5 dxe5 27.d6 Rxd6 28.Rxe5 Rb6 29.Rxc5+  1-0

[Event "Massy op"]
[Site "Massy"]
[Date "1993.??.??"]
[Round "6"]
[White "Pira, Davoud"]
[Black "Bernard, Christophe"]
[Result "0-1"]
[WhiteElo "2340"]
[BlackElo "2385"]

1.e4 c5 2.Nf3 d6 3.d4 cxd4 4.Nxd4 Nf6 5.Nc3 Nc6 6.Bg5 e6 7.Qd2 a6 8.O-O-O h6
9.Bf4 Bd7 10.Nxc6 Bxc6 11.f3 d5 12.exd5 Nxd5 13.Nxd5 Qxd5 14.Qxd5 Bxd5 15.c4 Rc8
16.Kb1 Bc6 17.Be2 Bc5 18.a3 a5 19.Bd2 a4 20.Bb4 b6 21.Rd2 Ke7 22.Rhd1 Rc7
23.Bxc5+ bxc5 24.Rd6 Rhc8 25.Kc2 Rh8 26.R1d2 g5 27.Bd1 h5 28.Kc1 h4 29.h3 f5
30.R6d3 Rd7 31.Rxd7+ Bxd7 32.Kc2 Bc6 33.Kc3 e5 34.b4 axb3 35.Bxb3 Ra8 36.Kb2 Ke6
37.Bd1 e4 38.fxe4 fxe4 39.Bg4+ Ke5 40.Rf2 Kd4 41.Rd2+ Ke5 42.Rf2 e3 43.Rf5+ Kd4
44.Rxg5 Rb8+ 45.Ka1 Bxg2 46.Be2 Be4 47.Rg1 Kc3 48.Bg4 Kxc4 49.a4 Bd3 50.Bf3 Rf8
51.Bg2 Rf2 52.a5 Kb3  0-1

[Event "Miraflores"]
[Site "Miraflores"]
[Date "1993.??.??"]
[Round "8"]
[White "Roselli Mailhe, Bernardo"]
[Black "Aguilar, Juan"]
[Result "1-0"]
[WhiteElo "2340"]
[BlackElo "2315"]

1.e4 c5 2.Nf3 Nc6 3.d4 cxd4 4.Nxd4 Nf6 5.Nc3 d6 6.Bg5 e6 7.Qd2 a6 8.O-O-O Bd7
9.f3 Qa5 10.Nb3 Qc7 11.h4 b5 12.h5 h6 13.Bf4 Ne5 14.Bd3 b4 15.Ne2 Nxd3+ 16.Qxd3 e5
17.Be3 Be7 18.g4 Bb5 19.Qd2 d5 20.g5 hxg5 21.Ng3 dxe4 22.fxe4 Rd8 23.Qg2 Rxd1+
24.Rxd1 Ng4 25.Nf5 Nxe3 26.Nxe3 O-O 27.Nd5 Qd6 28.Nd2 Bd8 29.Nf3 f6 30.h6 g6
31.Nh4 f5 32.exf5 gxf5 33.Nxf5 Qe6 34.Nde3 Qxa2 35.Rxd8 Qa1+ 36.Kd2 Rxd8+
37.Nd5 Kh7 38.Qe4 Qg1 39.Ne7+ Kh8 40.Qxe5+  1-0

[Event "Muenster op"]
[Site "Muenster"]
[Date "1993.??.??"]
[Round "8"]
[White "Kveinys, Aloyzas"]
[Black "Morlo, Michael"]
[Result "1-0"]
[WhiteElo "2540"]
[BlackElo "2230"]

1.e4 c5 2.Nf3 d6 3.d4 cxd4 4.Nxd4 Nf6 5.Nc3 Nc6 6.Bg5 Bd7 7.Nb3 a6 8.Qd2 b5
9.a4 b4 10.Bxf6 gxf6 11.Nd5 a5 12.Bb5 h5 13.O-O e6 14.Ne3 Ne5 15.Bxd7+ Qxd7
16.Qe2 Be7 17.f4 Ng4 18.Nxg4 hxg4 19.Qxg4 Qa7+ 20.Kh1 O-O-O 21.h3 Rdg8 22.Qe2 Bd8
23.c3 Rg3 24.Rf3 Rhg8 25.Rxg3 Rxg3 26.cxb4 axb4 27.Nd2 Kd7 28.a5 Ke7 29.a6 Bc7
30.Nc4 Bb8 31.Qe1 Rd3 32.Qxb4 Qd4 33.Qb7+ Kf8 34.Qxb8+ Kg7 35.Qxd6  1-0

[Event "Munich op9293"]
[Site "Munich"]
[Date "1993.??.??"]
[Round "1"]
[White "Wegener, Dirk"]
[Black "Groszpeter, Attila"]
[Result "0-1"]
[WhiteElo "2310"]
[BlackElo "2520"]

1.e4 c5 2.Nf3 d6 3.d4 cxd4 4.Nxd4 Nf6 5.Nc3 Nc6 6.Bg5 e6 7.Qd2 a6 8.O-O-O Bd7
9.f4 Be7 10.Nf3 b5 11.Bxf6 gxf6 12.Kb1 Qb6 13.Bd3 O-O-O 14.Rhe1 Bf8 15.Bf1 Kb8
16.Ne2 h5 17.Ned4 Rc8 18.Re3 Na5 19.b3 h4 20.Rd3 Rc7 21.Ka1 Be7 22.Qb4 Bc8
23.Qe1 Kb7 24.Nxh4 f5 25.Nhxf5 exf5 26.Nxf5 Bf6+ 27.e5 dxe5 28.fxe5 Re8 29.Re3 Rxe5
30.Rxe5 Rc5 31.Kb1 Rxe5 32.Qg3 Ka7 33.Nd6 Qc5 34.Qf4 Re6 35.Bxb5 Qc3  0-1

[Event "Munich op9293"]
[Site "Munich"]
[Date "1993.??.??"]
[Round "3"]
[White "Borriss, Martin"]
[Black "Siegel, Georg"]
[Result "0-1"]
[WhiteElo "2375"]
[BlackElo "2285"]

1.e4 c5 2.Nf3 d6 3.d4 cxd4 4.Nxd4 Nf6 5.Nc3 Nc6 6.Bg5 e6 7.Qd2 a6 8.O-O-O h6
9.Bf4 Bd7 10.Nxc6 Bxc6 11.f3 d5 12.Qe1 Bb4 13.a3 Ba5 14.Bd2 b5 15.Qg3 Bc7
16.e5 Nd7 17.f4 O-O 18.Bd3 Qb8 19.Ne2 a5 20.Nd4 Qb6 21.Be3 Qb7 22.Qh3 b4
23.axb4 axb4 24.Nxe6 fxe6 25.Qxe6+ Rf7 26.Bg6 Rf8 27.Rhe1 b3 28.cxb3 d4 29.Bxd4 Bd5
30.Bxf7+ Rxf7 31.Qe8+ Nf8 32.e6 Bxf4+ 33.Kb1 Re7 34.Qd8 Be4+ 35.Rxe4 Qxe4+
36.Ka2 Rxe6 37.Bc5 Ra6+ 38.Ba3 Ra8 39.Qd5+ Qxd5 40.Rxd5 Bxh2 41.b4 Ne6 42.b5 Rb8
43.Rh5 Bf4 44.Kb3 g6 45.Rd5 Nc7 46.Rd4 g5 47.Rd7 Nxb5 48.Bb4 Nd6 49.Ka4 Nc4  0-1

[Event "Munich op9293"]
[Site "Munich"]
[Date "1993.??.??"]
[Round "5"]
[White "Lau, Ralf"]
[Black "Kotronias, Vasilios"]
[Result "1/2-1/2"]
[WhiteElo "2520"]
[BlackElo "2550"]

1.e4 c5 2.Nf3 d6 3.d4 cxd4 4.Nxd4 Nf6 5.Nc3 Nc6 6.Bg5 e6 7.Qd2 a6 8.O-O-O h6
9.Bf4 Bd7 10.Nxc6 Bxc6 11.f3 d5 12.Qe1 Bb4 13.a3 Ba5 14.Bd2 b5 15.Kb1 dxe4
16.Bxh6 Nd5 17.Bxg7 Bxc3 18.bxc3 Rg8 19.fxe4 Rxg7 20.exd5 Bxd5 21.h4 Qd6
22.Rh3 Qc5 23.h5 O-O-O 24.h6 Rh7 25.Kb2 Rdh8 26.Qd2 Rg8 27.Rh5 f5 28.Rh4 Kb7
29.Qe1 Rg6 30.Qe5 Qc7 31.Rxd5 exd5 32.Qxd5+ Ka7 33.Qxf5 Rgxh6 34.Qf2+ Qb6
35.Rd4 Rd6 36.Bd3 Rxd4 37.Qxd4 Qxd4 38.cxd4 Rg7 39.Bf1 Rg3 40.c3 Kb6 41.Kb3 Ka5
42.Be2 Rxg2 43.Bd1 Rd2 44.Bc2 Kb6 45.Kb2 Rh2 46.Kb1 Kc6 47.Bb3 Kd6 48.Kc1 Rf2
49.Kb1 Ke7 50.Bd5 Rh2 51.Kc1 Rh5 52.Bb7 Rh6 53.Kc2 Rb6 54.Be4 Re6 55.Bd5 Re2+
56.Kb3 Kd6 57.Bb7 a5 58.Ba6 Kc6 59.a4 bxa4+ 60.Kxa4 Ra2+ 61.Kb3 Ra1 62.c4  1/2-1/2

[Event "Munich op9293"]
[Site "Munich"]
[Date "1993.??.??"]
[Round "9"]
[White "Borriss, Martin"]
[Black "Kozul, Zdenko"]
[Result "1-0"]
[WhiteElo "2375"]
[BlackElo "2540"]

1.e4 c5 2.Nf3 d6 3.d4 cxd4 4.Nxd4 Nf6 5.Nc3 Nc6 6.Bg5 e6 7.Qd2 a6 8.O-O-O Bd7
9.f4 b5 10.Bxf6 gxf6 11.Kb1 Qb6 12.Nxc6 Bxc6 13.Qe1 Ra7 14.f5 Qc5 15.Bd3 b4
16.Ne2 e5 17.Ng3 h5 18.h4 a5 19.Qe2 Ke7 20.Nxh5 a4 21.g4 a3 22.Bc4 Rc7 23.Bb3 Bb5
24.Qd2 Qd4 25.Qxd4 exd4 26.Rxd4 Rg8 27.Nf4 Bc6 28.Rg1 Bh6 29.g5 Bg7 30.g6 Bh6
31.Rf1 Bb5 32.Nd5+ Kd8 33.Nxc7 Bxf1 34.Bxf7 Rh8 35.Ne6+ Ke7 36.Rxb4 Ba6 37.Ra4 Ra8
38.Nc7 Rb8 39.Rxa3 Bb7  1-0

[Event "Munich"]
[Site "Munich"]
[Date "1993.??.??"]
[Round "11"]
[White "Adams, Michael"]
[Black "Shirov, Alexei"]
[Result "1/2-1/2"]
[WhiteElo "2630"]
[BlackElo "2670"]

1.e4 c5 2.Nf3 d6 3.d4 cxd4 4.Nxd4 Nf6 5.Nc3 Nc6 6.Bg5 e6 7.Qd2 a6 8.O-O-O h6
9.Bf4 Bd7 10.Nxc6 Bxc6 11.f3 d5 12.Qe1 Bb4 13.a3 Ba5 14.Bd2 Rc8 15.Qg3 Bc7
16.e5 Nd7 17.f4 O-O 18.Bd3 Nc5 19.Be3 Nxd3+ 20.Rxd3 f6 21.Re1  1/2-1/2

[Event "Nagykanizsa op"]
[Site "Nagykanizsa"]
[Date "1993.??.??"]
[Round "6"]
[White "Milov, Leonid"]
[Black "Shilov, Sergej"]
[Result "1-0"]
[WhiteElo "2480"]
[BlackElo "2295"]

1.e4 c5 2.Nf3 d6 3.d4 cxd4 4.Nxd4 Nf6 5.Nc3 Nc6 6.Bg5 e6 7.Bb5 Bd7 8.Bxc6 bxc6
9.Qf3 Qa5 10.Bxf6 gxf6 11.Qxf6 Rg8 12.Qf3 Rb8 13.Nb3 Qg5 14.O-O c5 15.Rad1 c4
16.Nd2 Rxb2 17.Nxc4 Rxc2 18.g3 Qg7 19.e5 d5 20.Nxd5 exd5 21.Qxd5 Qg4 22.e6 Qxe6
23.Rfe1  1-0

[Event "Nagykanizsa op"]
[Site "Nagykanizsa"]
[Date "1993.??.??"]
[Round "9"]
[White "Milov, Leonid"]
[Black "Grabics, Monika"]
[Result "1-0"]
[WhiteElo "2480"]
[BlackElo "2245"]

1.e4 c5 2.Nf3 Nc6 3.d4 cxd4 4.Nxd4 Nf6 5.Nc3 d6 6.Bg5 e6 7.Bb5 Bd7 8.Bxc6 bxc6
9.Qf3 Be7 10.e5 Nd5 11.Ne4 Qa5+ 12.Bd2 Qc7 13.exd6 Bxd6 14.c4 Be5 15.cxd5 Bxd4
16.d6 Qb6 17.Bc3 O-O 18.Bxd4 Qxd4 19.Rd1 Qc4 20.Qe3 f5 21.Nc5 Rf7 22.Qc3 Qxc3+
23.bxc3 Rd8 24.f4 h6 25.Kf2 g5 26.g3 gxf4 27.gxf4 Rg7 28.Rb1 a5 29.Rb7 Rf7
30.a4 Kg7 31.Rhb1 Bc8 32.Rxf7+ Kxf7 33.Rb8 Rxd6 34.Rxc8 Rd2+ 35.Ke3 Rxh2
36.Rc7+ Kf6 37.Rxc6 Rh3+ 38.Kd4 Rf3 39.Nxe6 Rf1 40.Nc7+ Kg7 41.Ke5 h5 42.Kxf5 h4
43.Ne6+  1-0

[Event "FRA-ch"]
[Site "Nantes"]
[Date "1993.??.??"]
[Round "13"]
[White "Renet, Olivier"]
[Black "Santo Roman, Marc"]
[Result "1/2-1/2"]
[WhiteElo "2505"]
[BlackElo "2420"]

1.e4 c5 2.Nf3 Nc6 3.d4 cxd4 4.Nxd4 Nf6 5.Nc3 d6 6.Bg5 e6 7.Qd2 a6 8.O-O-O h6
9.Be3 Bd7 10.f4 Be7 11.Kb1 b5 12.Bd3 Qc7 13.h3 Nxd4 14.Bxd4 Bc6 15.e5 dxe5
16.fxe5 Nd7  1/2-1/2

[Event "New York op"]
[Site "New York"]
[Date "1993.??.??"]
[Round "2"]
[White "Morris, Matthew"]
[Black "Koren, Inna"]
[Result "1-0"]
[WhiteElo "2345"]
[BlackElo "2195"]

1.e4 c5 2.Nf3 d6 3.d4 cxd4 4.Nxd4 Nf6 5.Nc3 Nc6 6.Bg5 e6 7.Qd2 a6 8.O-O-O h6
9.Bf4 Bd7 10.Bg3 Rc8 11.Nb3 Ne5 12.f4 Nc4 13.Bxc4 Rxc4 14.Qe2 Qc7 15.e5 Rxc3
16.exf6 Bb5 17.Qf2 Rc4 18.f5 e5 19.fxg7 Bxg7 20.f6 Bf8 21.Rhe1 a5 22.Rd5 Bd7
23.Bxe5 dxe5 24.Rexe5+ Be6 25.Nd4 Bd6 26.Nxe6 fxe6 27.Rxe6+  1-0

[Event "New York op"]
[Site "New York"]
[Date "1993.??.??"]
[Round "4"]
[White "Tolnai, Tibor"]
[Black "Dranov, Aleksandar"]
[Result "1/2-1/2"]
[WhiteElo "2500"]
[BlackElo "2340"]

1.e4 c5 2.Nf3 d6 3.d4 cxd4 4.Nxd4 Nf6 5.Nc3 Nc6 6.Bg5 e6 7.Qd3 Be7 8.O-O-O O-O
9.f4 d5 10.e5 Nd7 11.Bxe7 Qxe7 12.Qg3 Nxd4 13.Rxd4 Qc5 14.Rd1 a6 15.Bd3 b5
16.Kb1 b4 17.Ne2 a5 18.Nd4 Ba6 19.f5 Qxd4 20.fxe6 Bxd3 21.Rxd3 Qxe5 22.exd7 Qe6
23.Rhd1 Qxd7 24.Rxd5 Qc6 25.Qd6 Qxd6 26.Rxd6 Rfe8 27.b3 g6 28.a3 Re2 29.R1d2 Rae8
30.Kb2 Kg7 31.g3 f5 32.axb4 axb4 33.Rd7+ Kh6 34.R7d4 Rxd2 35.Rxd2 Kg5 36.c3 bxc3+
37.Kxc3 Rc8+ 38.Kb2 Kg4 39.b4 g5 40.Kb3 f4 41.gxf4 gxf4 42.Rd7 h5 43.Rg7+ Kf5
44.Rf7+ Ke4 45.b5 f3 46.Kb4 Ke3 47.Re7+ Kd2 48.Rd7+ Ke2 49.Re7+ Kd2 50.Rd7+ Ke2
51.Re7+ Kf1 52.Rh7 f2 53.Rxh5 Rf8 54.Rc5 Ke2 55.Rc1 f1=Q 56.Rxf1 Rxf1 57.b6 Kd3
58.Kc5 Rf5+ 59.Kc6 Kc4 60.b7  1/2-1/2

[Event "New York op"]
[Site "New York"]
[Date "1993.??.??"]
[Round "6"]
[White "Ivanov, Alexander"]
[Black "Dranov, Aleksandar"]
[Result "1-0"]
[WhiteElo "2525"]
[BlackElo "2340"]

1.e4 c5 2.Nf3 d6 3.d4 cxd4 4.Nxd4 Nf6 5.Nc3 Nc6 6.Bg5 e6 7.Qd2 Be7 8.O-O-O O-O
9.f4 d5 10.e5 Nd7 11.Bxe7 Qxe7 12.Nf3 a6 13.Bd3 b5 14.Qe3 f6 15.exf6 Nxf6
16.Rhe1 b4 17.Na4 Ng4 18.Qc5 Qxc5 19.Nxc5 Rxf4 20.Nxe6 Bxe6 21.Rxe6 Rf6 22.Rde1 a5
23.h3 Nf2 24.Bb5 Na7 25.Rxf6 gxf6 26.Ba4 Kf7 27.Bb3 Rd8 28.Re2 Nh1 29.Nd4 Ng3
30.Re3 Nh5 31.Ne2 f5 32.Re5 Kf6 33.Rxd5 Rxd5 34.Bxd5 Ke5 35.Bf3 Nf6 36.Kd2 Nb5
37.c3 bxc3+ 38.Nxc3 Nd4 39.Ke3 f4+ 40.Kd3 Nxf3 41.gxf3 h5 42.Kc4 Ne8 43.Ne4 Nc7
44.Nc5 Kf5 45.h4 Ke5 46.Nd3+ Kf5 47.a4 Ne6 48.b4 axb4 49.Nxb4 Nf8 50.a5 Ng6
51.a6 Ne5+ 52.Kb5 Nxf3 53.a7 Nd4+ 54.Kc4 f3 55.a8=Q  1-0

[Event "New York op"]
[Site "New York"]
[Date "1993.??.??"]
[Round "6"]
[White "Formanek, Edward W"]
[Black "Littke, Adam"]
[Result "0-1"]
[WhiteElo "2335"]
[BlackElo "2255"]

1.e4 c5 2.Nf3 Nc6 3.d4 cxd4 4.Nxd4 Nf6 5.Nc3 d6 6.Bg5 e6 7.Qd2 a6 8.O-O-O h6
9.Bf4 Bd7 10.Bg3 Qc7 11.Nb3 e5 12.Kb1 Be7 13.f3 O-O 14.Bf2 b5 15.h4 Rfc8
16.Rc1 Nd8 17.g4 b4 18.Nd1 a5 19.g5 Nh5 20.c3 Qb7 21.cxb4 axb4 22.gxh6 g6
23.Rxc8 Bxc8 24.Ne3 Nc6 25.Bc4 Bf8 26.Nd5 Kh7 27.Be3 Be6 28.Rc1 Ne7 29.Nxe7 Bxe7
30.Bxe6 fxe6 31.Bg5 Qa7 32.Qxb4 Bxg5 33.hxg5 Qxa2+ 34.Kc2 Qa6 35.Kd2 Qa7
36.Rc6 Qe7 37.Qxd6 Rd8  0-1

[Event "Nikolaev zt"]
[Site "Nikolaev"]
[Date "1993.??.??"]
[Round "?"]
[White "Kruppa, Yuri"]
[Black "Borovikov, Vladislav"]
[Result "1/2-1/2"]
[WhiteElo "2475"]
[BlackElo "2385"]

1.e4 c5 2.Nf3 Nc6 3.d4 cxd4 4.Nxd4 Nf6 5.Nc3 d6 6.Bg5 e6 7.Qd2 a6 8.O-O-O Bd7
9.f4 b5 10.Bxf6 gxf6 11.Kb1 Qb6 12.Nce2 h5 13.g3 Rc8 14.Bg2 Na5 15.b3 Bh6
16.Rhe1 Rc7 17.Bf3 Bg7 18.h4 b4 19.Ng1 Nb7 20.Bg2 a5 21.Ngf3 Qc5 22.Bf1 a4
23.Ba6 Qa5 24.Qe2 O-O 25.Bb5 Ra8 26.Bxd7 Rxd7 27.Rg1 Nc5 28.Rg2 Qa6 29.Re1 Qxe2
30.Rgxe2 d5 31.exd5 Rxd5 32.Nc6 axb3 33.cxb3 Rd3 34.Re3 Rxe3 35.Rxe3 Na6
36.f5 e5 37.Re4 Bf8 38.Rc4 Nc7 39.Ne7+ Bxe7 40.Rxc7 Kf8 41.Nd2 Rd8 42.Kc2 Ra8
43.Kb1 Rd8 44.Kc2 Ra8  1/2-1/2

[Event "NLD-ch"]
[Site "?"]
[Date "1993.??.??"]
[Round "?"]
[White "Van der Wiel, John TH"]
[Black "Hoeksema, Hendrik Pieter"]
[Result "1/2-1/2"]
[WhiteElo "2555"]
[BlackElo "2405"]

1.e4 c5 2.Nf3 d6 3.d4 cxd4 4.Nxd4 Nf6 5.Nc3 Nc6 6.Bg5 e6 7.Qd2 a6 8.O-O-O h6
9.Be3 Be7 10.f3 Nxd4 11.Bxd4 b5 12.Kb1 Rb8 13.g4 b4 14.Ne2 e5 15.Ba7 Rb7
16.Be3 Be6 17.Ng3 Qa5 18.b3 d5 19.Nh5 Nxh5 20.exd5 Rd7 21.gxh5 Rxd5 22.Bd3 Bf5
23.Qe2 Bxd3 24.Rxd3 Rxd3 25.Qxd3 O-O 26.Rg1 Rd8 27.Qf5 Kf8 28.Bc1 Qc5 29.Re1 Bf6
30.Bb2 Rd2 31.f4  1/2-1/2

[Event "NLD-chT"]
[Site "?"]
[Date "1993.??.??"]
[Round "6"]
[White "Timmerman, Gert J"]
[Black "Hoeksema, Hendrik Pieter"]
[Result "1-0"]
[WhiteElo "2325"]
[BlackElo "2405"]

1.e4 c5 2.Nf3 d6 3.d4 cxd4 4.Nxd4 Nf6 5.Nc3 Nc6 6.Bg5 e6 7.Be2 Be7 8.O-O O-O
9.Kh1 Bd7 10.Nb3 a6 11.f4 b5 12.Bf3 b4 13.Ne2 Qc7 14.Qd3 Rfd8 15.Rad1 Be8
16.Qe3 Rac8 17.c3 a5 18.Nbd4 Qb6 19.e5 dxe5 20.fxe5 Nd5 21.Bxd5 Bxg5 22.Qxg5 Rxd5
23.Nxe6 fxe6 24.Rxd5 bxc3 25.bxc3 Bg6 26.Rd7 Qb5 27.Ng3 Re8 28.Rfd1 Rf8 29.h4 Qxe5
30.Qxe5 Nxe5 31.Ra7 Nd3 32.Kg1 Nc5 33.Rxa5 Rc8 34.h5 Bc2 35.Rd4 Ba4 36.Rxc5  1-0

[Event "NOR-chT east"]
[Site "NOR"]
[Date "1993.??.??"]
[Round "9"]
[White "Diesen, Bruce"]
[Black "Gausel, Einar"]
[Result "0-1"]
[WhiteElo "2275"]
[BlackElo "2485"]

1.e4 c5 2.Nf3 d6 3.d4 cxd4 4.Nxd4 Nf6 5.Nc3 Nc6 6.Bg5 e6 7.Qd2 a6 8.O-O-O h6
9.Bf4 Bd7 10.Nxc6 Bxc6 11.Qe1 Be7 12.e5 Nh5 13.Be3 Qc7 14.Be2 g6 15.Bxh5 gxh5
16.Qe2 dxe5 17.Qxh5 b5 18.f3 b4 19.Ne4 Bd5 20.Kb1 a5 21.Rd3 a4 22.Rc1 Qc4
23.b3 axb3 24.Rxb3 Qa6  0-1

[Event "Oberwart op"]
[Site "Oberwart"]
[Date "1993.??.??"]
[Round "2"]
[White "Klovans, Janis"]
[Black "Licina, Anita"]
[Result "1-0"]
[WhiteElo "2415"]
[BlackElo "2135"]

1.e4 c5 2.Nf3 Nc6 3.d4 cxd4 4.Nxd4 Nf6 5.Nc3 d6 6.Bg5 e6 7.Qd2 Be7 8.O-O-O O-O
9.Nb3 a6 10.Bxf6 gxf6 11.Qh6 Kh8 12.Qh5 Qe8 13.f4 Rg8 14.Bd3 Rg7 15.g4 b5
16.h4 Bd7 17.g5 Qc8 18.gxf6 Bxf6 19.e5 dxe5 20.Ne4 Be7 21.fxe5 Nb4 22.Nf6 Nxd3+
23.Rxd3 Bxf6 24.exf6 Rg6 25.Rhd1 Bc6 26.Rc3 Qe8 27.Qe5 Rd8 28.Nd4 Bb7 29.Rc7 Rd7
30.Rxd7 Qxd7 31.Nxb5 Bd5 32.Nc3 Qd8 33.Nxd5 exd5 34.c4 Qxf6 35.Qxf6+ Rxf6
36.cxd5 Rd6 37.Kc2 Kg7 38.Kc3 Kf6 39.Kc4 Ke7 40.Kc5 Kd7 41.Rf1 Ke7 42.Rxf7+  1-0

[Event "Odense"]
[Site "Odense"]
[Date "1993.??.??"]
[Round "6"]
[White "Sogaard, Soren"]
[Black "Banas, Jan"]
[Result "1/2-1/2"]
[WhiteElo "2280"]
[BlackElo "2380"]

1.e4 c5 2.Nf3 d6 3.d4 cxd4 4.Nxd4 Nf6 5.Nc3 Nc6 6.Bg5 e6 7.Qd2 a6 8.O-O-O Bd7
9.Be2 Rc8 10.Nb3 b5 11.f4 Qc7 12.Rhe1 b4 13.Nd5 exd5 14.exd5 Ne7 15.Bxf6 gxf6
16.Nd4 Qb7 17.Bf3 Kd8 18.Ne6+ fxe6 19.dxe6 Nc6 20.exd7 Qxd7 21.Bd5 Rb8 22.Qd3 Rb5
23.Qc4 Na5 24.Qd4 Be7 25.Rd3 Re8 26.Rde3 Nc6 27.Qd3 Rc5 28.Bb3 Qf5 29.Qxa6 Nd4  1/2-1/2

[Event "Osijek"]
[Site "Osijek"]
[Date "1993.??.??"]
[Round "4"]
[White "Berebora, Ferenc"]
[Black "Kozul, Zdenko"]
[Result "1/2-1/2"]
[WhiteElo "2425"]
[BlackElo "2595"]

1.e4 c5 2.Nf3 Nc6 3.d4 cxd4 4.Nxd4 Nf6 5.Nc3 d6 6.Bg5 e6 7.Qd2 a6 8.O-O-O Bd7
9.f4 b5 10.Nxc6 Bxc6 11.Bd3 h6 12.Bxf6 gxf6 13.Qf2 b4 14.Ne2 Qa5 15.Kb1 Qc5
16.Qd4 Qxd4 17.Nxd4 Bb7 18.Rhe1 h5 19.f5 e5 20.Nb3 a5 21.Bb5+ Ke7 22.Nc5 Bc8
23.Bc6 Ra7 24.Na4 Rc7 25.Ba8 Kd8 26.Nb6 h4 27.Nxc8 Rxc8 28.Bd5 Ke7 29.Rd3 Rg8
30.Re2 Bh6 31.a3 Bf4 32.axb4 axb4 33.g3 hxg3 34.hxg3 Rxg3 35.Rxg3 Bxg3 36.Rg2 Bf4
37.Rg7 Rf8 38.Ka2 Be3 39.Kb3 Bd4  1/2-1/2

[Event "Ostend op"]
[Site "Ostend"]
[Date "1993.??.??"]
[Round "7"]
[White "Jansa, Vlastimil"]
[Black "Weindl, Alfred"]
[Result "1-0"]
[WhiteElo "2500"]
[BlackElo "2350"]

1.e4 c5 2.Nf3 Nc6 3.d4 cxd4 4.Nxd4 Nf6 5.Nc3 d6 6.Bg5 Bd7 7.Be2 Qa5 8.Bxf6 gxf6
9.f4 Nxd4 10.Qxd4 Rg8 11.O-O-O e6 12.g3 Be7 13.Kb1 O-O-O 14.Bc4 Kb8 15.Bb3 h5
16.f5 Qe5 17.Qe3 Rg5 18.Rd3 Rdg8 19.a3 Bc6 20.Rf1 Rg4 21.Rf4 Bf8 22.Qf2 Be7
23.Rdf3 Bd7 24.Qd2 Rxf4 25.Rxf4 Bd8 26.Rh4 Rg5 27.Qd1 Ba5 28.Rxh5 Bxc3 29.bxc3 exf5
30.exf5 Bxf5 31.Rh8+ Kc7 32.Qd4 Qxd4 33.cxd4 Be6 34.Rh4 Bxb3 35.cxb3 Kc6
36.Kc2 Ra5 37.a4 Rf5 38.Rf4 Rh5 39.h4 f5 40.Kd3 Kd5 41.Rf2 b6 42.Ke3 a6 43.Rd2 Rh8
44.Kf4 Rg8 45.h5 Rg4+ 46.Kf3 Rg7 47.Kf4 Rg4+ 48.Kxf5 Rxg3 49.Rh2 Kxd4 50.h6 Rg8
51.Kf6 d5 52.Kxf7 Rh8 53.Kg7 Rb8 54.h7 Kc3 55.Rh3+ Kc2 56.Rh4 Rb7+ 57.Kf6  1-0

[Event "Ostend op"]
[Site "Ostend"]
[Date "1993.??.??"]
[Round "9"]
[White "Robovic, Saudin"]
[Black "Mednis, Edmar John"]
[Result "0-1"]
[WhiteElo "2360"]
[BlackElo "2440"]

1.e4 c5 2.Nf3 Nc6 3.d4 cxd4 4.Nxd4 Nf6 5.Nc3 d6 6.Bg5 e6 7.Qd2 a6 8.O-O-O Bd7
9.f4 b5 10.Bxf6 gxf6 11.Kb1 Qb6 12.Nce2 Na5 13.b3 Nb7 14.g3 Rc8 15.Bg2 Nc5
16.Qe3 Qc7 17.Rd2 b4 18.Rc1 a5 19.c3 Rb8 20.cxb4 Rxb4 21.Rc3 Be7 22.Nc1 Rb8
23.Nd3 Qb6 24.Nxc5 dxc5 25.Nc2 a4 26.Bf1 axb3 27.axb3 Bc8 28.Bc4 O-O 29.g4 Rd8
30.Rxd8+ Qxd8 31.Rd3 Qc7 32.g5 fxg5 33.e5 Bb7 34.f5 exf5 35.e6 Rd8 36.exf7+ Kg7
37.Rxd8 Qxd8 38.Qe5+ Kg6 39.Qe6+ Bf6 40.Bd3 Qe7 41.f8=N+ Qxf8 42.Qxf5+ Kf7
43.Qxh7+ Qg7 44.Qf5 Qf8 45.Qg6+ Ke7 46.Ne3 Kd8 47.Ng4 Bd4 48.Qxg5+ Kc7 49.Qf5 Qe8
50.Qf4+ Kb6 51.Qh6+ Bc6 52.Qd2 Qg8 53.Ne3 Qxb3+ 54.Kc1 Bb5  0-1

[Event "Ostrava"]
[Site "Ostrava"]
[Date "1993.??.??"]
[Round "?"]
[White "Fogarasi, Tibor"]
[Black "Sher, Miron N"]
[Result "0-1"]
[WhiteElo "2440"]
[BlackElo "2535"]

1.e4 c5 2.Nf3 d6 3.d4 Nf6 4.Nc3 cxd4 5.Nxd4 Nc6 6.Bg5 e6 7.Qd2 a6 8.O-O-O h6
9.Be3 Bd7 10.f4 b5 11.Bd3 Qc7 12.Kb1 Na5 13.Qe1 Nc4 14.Bc1 Rc8 15.Ka1 Be7
16.g4 Nxg4 17.Rg1 Bf6 18.Bxc4 Qxc4 19.e5 dxe5 20.Ne4 Be7 21.fxe5 Nxe5 22.Bf4 Ng6
23.Nf5 Qc6 24.Ned6+ Bxd6 25.Nxd6+ Kf8 26.Nxc8 Qxc8 27.Qd2 Be8 28.Bd6+ Kg8
29.Qf2 Qc4 30.a3 e5 31.Qg3 Bd7 32.Kb1 Bf5 33.Rd2 Qe6 34.h4 h5 35.Bb4 Kh7
36.Qg5 Bg4 37.b3 Rc8 38.Kb2 Nf4 39.Rd6 Qf5 40.Qxf5+ Bxf5 41.Rd2 Ng6 42.Rg5 Bg4
43.Rd6 f6 44.Rxg6 Kxg6 45.Rxa6 Bd1 46.Bc3 Kf5 47.Ra7 g6 48.Rd7 Bf3 49.Bb4 Rc6
50.Rf7 Be4 51.c3 Kg4 52.Be7 Rc7 53.Rg7 Kf5 54.a4 bxa4 55.bxa4 Rb7+ 56.Kc1 Ke6
57.Bf8 Rxg7 58.Bxg7 g5 59.Bh6 gxh4 60.Be3 h3 61.Bg1 Kf5 62.Kd2 Kf4  0-1

[Event "Ostrava"]
[Site "Ostrava"]
[Date "1993.??.??"]
[Round "?"]
[White "Fogarasi, Tibor"]
[Black "Kovalev, Andrei"]
[Result "0-1"]
[WhiteElo "2440"]
[BlackElo "2545"]

1.e4 c5 2.Nf3 d6 3.d4 cxd4 4.Nxd4 Nf6 5.Nc3 Nc6 6.Bg5 e6 7.Qd2 a6 8.O-O-O Bd7
9.f4 h6 10.Bh4 g5 11.fxg5 Ng4 12.Kb1 Nge5 13.Be2 Be7 14.Nf3 hxg5 15.Bg3 b5
16.Rhf1 b4 17.Na4 Nxf3 18.Rxf3 Ne5 19.Bxe5 dxe5 20.Qxd7+ Qxd7 21.Rxd7 Kxd7
22.Nb6+ Kc6 23.Nxa8 f6 24.Bxa6 Rxh2 25.c3 g4 26.Rg3 f5 27.cxb4 Bxb4 28.Bc8 Be1
29.Rb3 f4 30.Bxe6 Rxg2 31.Nb6 f3 32.Nc4 f2 33.Ne3 Bd2 34.Bc4 Bxe3 35.Rxe3 Kc5
36.Rc3 Kd4 37.Ba6 Rg1+ 38.Kc2 g3 39.Kd2 Kxe4 40.Rc4+ Kd5 41.Rg4 e4 42.Ke3 Re1+
43.Kf4 Kd4 44.Kxg3 Rg1+ 45.Kh3 Ke3 46.Rg3+ Kd2 47.Kh2 f1=Q 48.Bxf1 Rxf1 49.Kg2 Rf4
50.Rg8 e3 51.Rd8+ Ke1 52.a3 Rf2+ 53.Kg1 Rxb2 54.a4 Ra2 55.Rd4 Rd2 56.Rb4 Rd5  0-1

[Event "Ostrava"]
[Site "Ostrava"]
[Date "1993.??.??"]
[Round "?"]
[White "Kovalev, Andrei"]
[Black "Sher, Miron N"]
[Result "0-1"]
[WhiteElo "2545"]
[BlackElo "2535"]

1.e4 c5 2.Nf3 d6 3.d4 Nf6 4.Nc3 cxd4 5.Nxd4 Nc6 6.Bg5 e6 7.Qd2 a6 8.O-O-O h6
9.Be3 Bd7 10.f4 b5 11.Bd3 Qc7 12.Rhe1 Na5 13.e5 dxe5 14.fxe5 b4 15.Ncb5 axb5
16.Nxb5 Nb3+  0-1